Fotomontaje.

Збережено в:
Бібліографічні деталі
Автор: Ades, Dawn (autora)
Формат: Книга
Мова:Іспанська
Опубліковано: Barcelona, España: Gustavo Gili, 2002.
Серія:FotoGGrafía
Предмети:
Теги: Додати тег
Немає тегів, Будьте першим, хто поставить тег для цього запису!

MARC

LEADER 00000nam a2200000 a 4500
001 UCH3662
003 CL-VaPUC
005 20250407202431.0
008 090813e20020000SP |||||||||||||||||spa|d
999 |c 335145  |d 335143 
020 |a 84-252-1892-6 
040 |c Pontificia Universidad Católica de Valparaíso 
082 0 4 |a 778.8 ADE 2002  |2 21 
100 |a Ades, Dawn  |e autora  |9 302155 
245 1 0 |a Fotomontaje. 
260 |a Barcelona, España:  |b Gustavo Gili,  |c 2002. 
300 |a 175 páginas :  |b ilustraciones.  
490 0 |a FotoGGrafía  
500 |a c.2.-c.4. Instituto Arcos 8-1-2025. 
583 |a last modification  |c 20090813 00:00:00  |k Rodrigo Vera 
650 0 |a Fotomontaje  |9 326172 
650 0 |a Trucos fotográficos  |9 539170 
650 0 |a Fotografía   |x Manipulación   |9 897298 
942 |c BK  |2 ddc  |n 0 
945 |d 20090813 00:00:00  |a rbrito 
952 |0 0  |1 0  |4 0  |6 778_534500000000000_ADE_2002  |7 0  |8 A  |9 424767  |a BIBART  |b BIBART  |d 2019-11-22  |i 458760K  |l 3  |o 778.5345 ADE 2002  |p 458760K  |r 2025-03-13  |s 2024-09-12  |w 2019-11-22  |y BK  |k ART 
952 |0 0  |1 0  |2 ddc  |4 0  |6 778_800000000000000_ADE_2002  |7 0  |8 A  |9 601672  |a BIBINC  |b BIBINC  |d 2025-03-20  |e Instituto Arcos   |i 5666597  |o 778.8 ADE 2002  |p 5666597  |r 2025-03-20  |t 2  |w 2025-03-20  |y BK  |k IFP 
952 |0 0  |1 0  |2 ddc  |4 0  |6 778_800000000000000_ADE_2002  |7 0  |8 A  |9 601673  |a BIBINC  |b BIBINC  |d 2025-03-20  |e Instituto Arcos   |i 5666598  |o 778.8 ADE 2002  |p 5666598  |r 2025-03-20  |t 3  |w 2025-03-20  |y BK  |k IFP 
952 |0 0  |1 0  |2 ddc  |4 0  |6 778_800000000000000_ADE_2002  |7 0  |8 A  |9 601674  |a BIBINC  |b BIBINC  |d 2025-03-20  |e Instituto Arcos   |i 5666599  |o 778.8 ADE 2002  |p 5666599  |r 2025-03-20  |t 4  |w 2025-03-20  |y BK  |k IFP